| Tag |
First Indicator |
Second Indicator |
Subfields |
| LEADER |
00000cam a2200000 4500 |
| 001 |
in00000044849 |
| 005 |
20151007075158.0 |
| 008 |
800430s1912 gw ab 00010 ger |
| 010 |
|
|
|a 13000465
|
| 035 |
|
|
|a (OCoLC)06262735
|
| 035 |
|
|
|9 AAF2770AM
|
| 040 |
|
|
|a DLC
|c UMR
|d TXA
|d UtOrBLW
|
| 049 |
|
|
|a TXAM
|c [49967]
|
| 050 |
|
0 |
|a GB1003
|b .K5
|
| 092 |
|
|
|a 551.49
|b K27
|
| 100 |
1 |
|
|a Keilhack, Konrad,
|d 1858-1944.
|
| 245 |
1 |
0 |
|a Lehrbuch der grundwasser- und quellenkunde fur geologen, hydrologen, bohrunternehmer, brunnenbauer, bergleute, bauingenieure und hygieniker /
|c von geh. bergrat prof. dr. Konrad Keilhack. Mit einer tafel und 249 abbildungen.
|
| 264 |
|
1 |
|a Berlin :
|b Gebruder Borntraeger,
|c 1912.
|
| 300 |
|
|
|a xi, 545 pages :
|b frontispiece (folded maps) illustrations, diagrams ;
|c 26 cm.
|
| 336 |
|
|
|a text
|b txt
|2 rdacontent
|
| 337 |
|
|
|a unmediated
|b n
|2 rdamedia
|
| 338 |
|
|
|a volume
|b nc
|2 rdacarrier
|
| 500 |
|
|
|a Part 3, "Gesetzgebung und rechtsprechung," by H. Keilhack.
|
| 650 |
|
0 |
|a Groundwater.
|
| 700 |
1 |
|
|a Keilhack, H.
|
| 999 |
|
|
|a MARS
|
| 999 |
f |
f |
|s 63b44b41-5e0a-36ca-9e41-8c055adf497c
|i e724a7a4-4858-38df-9ccc-457f742db5d4
|t 0
|
| 952 |
f |
f |
|p ric
|a Texas A&M University
|b Rellis Campus
|c Joint Library Facility
|d Remote Storage
|t 0
|e GB1003 .K5
|h Library of Congress classification
|i unmediated -- volume
|m A14800952979
|
| 998 |
f |
f |
|a GB1003 .K5
|t 0
|l Remote Storage
|